Comarques de Catalunya segons la forma - Statistics

General Stats
  • This quiz has been taken 118 times
  • The average score is 15 of 20
Answer Stats
Picture Answer % Correct
Gironès
100%
Montsià
100%
Baix Llobregat
96%
Barcelonès
96%
Maresme
96%
Cerdanya
95%
Alt Empordà
93%
Pallars Jussà
93%
Tarragonès
92%
Garraf
91%
Berguedà
89%
Osona
85%
Ripollès
85%
Anoia
80%
Baix Camp
79%
Urgell
79%
Baix Empordà
78%
Segrià
77%
Bages
75%
Ribera d'Ebre
74%
Noguera
73%
Conca de Barberà
72%
Selva
72%
Baix Ebre
70%
Garrigues
70%
Garrotxa
69%
Alt Camp
68%
Aran
68%
Pallars Sobirà
68%
Baix Penedès
63%
Alt Urgell
62%
Segarra
61%
Pla de l'Estany
58%
Solsonès
58%
Terra Alta
57%
Moianès
52%
Vallès Oriental
52%
Alta Ribagorça
50%
Priorat
48%
Pla d'Urgell
46%
Alt Penedès
44%
Vallès Occidental
42%
No matching quizzes found
Score Distribution
Percent of People with Each Score
Percentile by Number Answered
Your Score History
You have not taken this quiz